[Event "Main Vogelsberg op 8th"]
[Site "Hanau"]
[Date "2013.05.30"]
[Round "2"]
[White "Lueders, Christian"]
[Black "Pommeranz, Michael"]
[Result "0-1"]
[WhiteElo "1355"]
[BlackElo "1742"]
[PlyCount "88"]
[EventDate "2013.05.30"]
[EventType "swiss"]
[EventRounds "7"]
[EventCountry "GER"]
[SourceTitle "EXT 2014"]
[Source "ChessBase"]
[SourceDate "2013.11.20"]
[SourceVersion "1"]
[SourceVersionDate "2013.11.20"]
[SourceQuality "1"]

1. Nf3 Nf6 2. g3 d5 3. Bg2 Bf5 4. 0-0 Nbd7 5. d3 e5 6. Nbd2 Bd6 7. Re1 0-0 8. e4 dxe4 9. dxe4 Bg6 10. h3 h6 11. Nh4 Bh7 12. Nc4 Nc5 13. Nf5 Ncxe4 14. Bxe4 Nxe4 15. Qg4 Bxf5 16. Qxf5 Nf6 17. Nxe5 Re8 18. Nd3 Rxe1+ 19. Nxe1 Qd7 20. Qf3 Qxh3 21. Bf4 Bxf4 22. Qxf4 Qd7 23. Nd3 Re8 24. Rd1 Re4 25. Qf3 Qc6 26. c3 b6 27. Qf5 Qe6 28. Qxe6 Rxe6 29. Nf4 Re8 30. Kf1 Kf8 31. b4 Rc8 32. Ke2 Ne4 33. Rd3 Re8 34. Nd5 Nxc3+ 35. Kd2 Nxd5 36. Rxd5 Ke7 37. Kc3 f6 38. f4 Rd8 39. Kc4 c6 40. Rd4 Rxd4+ 41. Kxd4 Kd6 42. Kc4 g5 43. f5 h5 44. a4 h4 0-1

[Event "Unterfranken-ch HB 60th"]
[Site "Obernau"]
[Date "2009.04.17"]
[Round "8"]
[White "Feichtner, Esther Fee"]
[Black "Lueders, Christian"]
[Result "0-1"]
[WhiteElo "1140"]
[BlackElo "1406"]
[PlyCount "61"]
[EventDate "2009.04.13"]
[EventType "swiss"]
[EventRounds "9"]
[EventCountry "GER"]
[SourceTitle "EXT 2015"]
[Source "ChessBase"]
[SourceDate "2014.11.20"]
[SourceVersion "1"]
[SourceVersionDate "2014.11.20"]
[SourceQuality "1"]

1. e4 c6 2. d4 d5 3. Nc3 dxe4 4. Nxe4 Nf6 5. Bd3 Qxd4 6. f3 Nbd7 7. Ne2 Qb6 8. N2g3 e6 9. Nf2 Bd6 10. Nge4 Nxe4 11. Nxe4 Qc7 12. Be3 Bxh2 13. Qd2 Ne5 14. 0-0-0 Ng6 15. Be2 Bf4 16. Qc3 Bd7 17. Rd2 0-0-0 18. Rhd1 Bxe3 19. Qxe3 Rhf8 20. Nd6+ Kb8 21. Rd3 Ne7 22. Ra3 a6 23. Rb3 b5 24. a4 Nc8 25. Nc4 Qa7 26. Qe5+ Qc7 27. Qc5 Kb7 28. axb5 cxb5 29. Nd6+ Nxd6 30. Qd5+ Bc6 31. Bxb5 0-1

[Event "Unterfranken-ch HB 60th"]
[Site "Obernau"]
[Date "2009.04.17"]
[Round "7"]
[White "Lueders, Christian"]
[Black "Feichtner, Thorsten"]
[Result "0-1"]
[WhiteElo "1406"]
[BlackElo "1709"]
[PlyCount "45"]
[EventDate "2009.04.13"]
[EventType "swiss"]
[EventRounds "9"]
[EventCountry "GER"]
[SourceTitle "EXT 2015"]
[Source "ChessBase"]
[SourceDate "2014.11.20"]
[SourceVersion "1"]
[SourceVersionDate "2014.11.20"]
[SourceQuality "1"]

1. d4 Nf6 2. c4 g6 3. Nc3 Bg7 4. e4 d6 5. Bg5 h6 6. Be3 0-0 7. f3 Nbd7 8. Qd2 Kh7 9. Be2 c5 10. d5 Ne5 11. h3 Nh5 12. g4 Ng3 13. Rh2 Nxe2 14. Qxe2 f5 15. gxf5 gxf5 16. f4 Ng6 17. 0-0-0 Qa5 18. h4 Bxc3 19. bxc3 Qxc3+ 20. Kb1 fxe4 21. Nh3 Bxh3 22. Bd2 Qa3 23. Rc1 0-1

[Event "Main Vogelsberg op 2nd"]
[Site "Grossauheim"]
[Date "2007.06.07"]
[Round "2"]
[White "Pomeranets, Igor"]
[Black "Lueders, Christian"]
[Result "1-0"]
[WhiteElo "1531"]
[BlackElo "998"]
[PlyCount "135"]
[EventDate "2007.06.07"]
[EventType "swiss"]
[EventRounds "7"]
[EventCountry "GER"]
[SourceTitle "EXT 2008"]
[Source "ChessBase"]
[SourceDate "2007.11.25"]
[SourceVersion "1"]
[SourceVersionDate "2007.11.25"]
[SourceQuality "1"]

1. Nf3 c6 2. c4 Nf6 3. Nc3 d5 4. e3 Bf5 5. h3 h6 6. d4 Nbd7 7. cxd5 cxd5 8. Bb5 a6 9. Ba4 e6 10. 0-0 Bd6 11. Nh4 Bh7 12. Nf3 0-0 13. Re1 Qa5 14. a3 b5 15. Bc2 Ne4 16. Nxe4 Bxe4 17. Bxe4 dxe4 18. Bd2 Qb6 19. Nh2 f5 20. f4 Nf6 21. Qb3 Nd5 22. Rac1 Rac8 23. Nf1 b4 24. a4 a5 25. Ng3 Qa6 26. Rxc8 Rxc8 27. Nxf5 Qd3 28. Qxd3 exd3 29. Nxd6 Rc2 30. Ne4 Rxb2 31. Ra1 b3 32. Bxa5 Nxe3 33. Bd2 Nc2 34. Bc3 Ra2 35. Rxa2 bxa2 36. a5 Na3 37. Nd2 Nb5 38. Ba1 Kf7 39. Kf2 Ke7 40. Ke3 Kd7 41. Kxd3 Kc6 42. Nb3 Nc7 43. Kc2 Nd5 44. g3 Ne3+ 45. Kb2 g5 46. Kxa2 Nf1 47. fxg5 hxg5 48. g4 Ng3 49. a6 Kb6 50. Nc5 Ne2 51. Nxe6 Kxa6 52. Nxg5 Kb5 53. h4 Kb4 54. h5 Nc3+ 55. Kb2 Nd5 56. h6 Nf4 57. Kc2 Kc4 58. h7 Ng6 59. Nf7 Kd5 60. Ne5 Nh8 61. g5 Ke6 62. Kd3 Kf5 63. g6 Kf6 64. Ke4 Kg7 65. Kf5 Kf8 66. Nd7+ Kg7 67. d5+ Kh6 68. Bxh8 1-0